000 00670nam a2200289Ia 4500
005 20260324125817.0
008 008 260324s9999 xx 000 0 eng d
020 _a9781849772624
037 _aEBOOK
040 _aCRL
040 _beng
040 _cCRL
041 _2eng
041 _aeng
084 _qCRL
100 _a Un-Habitat
_91164751
245 0 _aState of the World's Cities 2008/9
245 0 _bHarmonious Cities
260 _bTaylor and Francis
260 _c2008
365 _a
365 _b74.99
856 _uhttp://www.taylorfrancis.com/books/9781849772624
942 _cEBOOK
999 _c1774988
_d1774988